[Event "Paskturneringen"]
[Site "Norrkoping"]
[Date "2016.03.25"]
[Round "1.1"]
[White "Hillarp Persson, Tiger"]
[Black "Westerlund, Ola"]
[Result "1-0"]
[WhiteElo "2533"]
[BlackElo "1917"]

1.d4 d6 2.Bg5 h6 3.Bh4 g6 4.e3 Bg7 5.Nf3 Nf6 6.c4 O-O 7.Nc3 b6 8.Bd3 Bb7 
9.O-O Qe8 10.Nd2 e5 11.d5 Nbd7 12.Be2 Nh7 13.e4 f5 14.exf5 gxf5 15.Bh5 Qb8
16.Be7 Rc8 17.Bg6 1-0

[Event "Paskturneringen"]
[Site "Norrkoping"]
[Date "2016.03.25"]
[Round "1.2"]
[White "Wikstrom, Patrik"]
[Black "Tikkanen, Hans"]
[Result "0-1"]
[WhiteElo "1914"]
[BlackElo "2533"]

1.e4 e6 2.d4 d5 3.Nd2 Nf6 4.e5 Nfd7 5.Bd3 c5 6.c3 Nc6 7.Ne2 cxd4 8.cxd4 f6
9.exf6 Nxf6 10.Nf3 Bd6 11.O-O Qc7 12.Be3 O-O 13.Rc1 Bd7 14.h3 Rae8 15.Qd2 
Qb8 16.Bf4 Ne4 17.Bxd6 Nxd2 18.Bxb8 Nxf3+ 19.gxf3 Rxb8 20.f4 Nb4 21.Bb1 
Bb5 22.Rfe1 Nd3 23.Bxd3 Bxd3 24.Rc3 Ba6 25.Ng3 Rf6 26.Rc7 Rbf8 27.f5 exf5 
28.Ree7 Rg6 29.Kh2 f4 30.Nh5 Rh6 31.Nxg7 Rc6 32.Rcd7 Bd3 33.Ne6 Rxe6 34.
Rxe6 Bf5 35.Ree7 Bxd7 36.Rxd7 Rf7 37.Rxd5 Rc7 38.Kg2 Rc2 39.Rd8+ Kf7 40.
Rd7+ Kg6 41.Rxb7 a5 42.Kf3 Rd2 43.Rb5 Kf6 44.d5 Ke5 45.b3 Rxa2 46.h4 Ra3 
47.h5 a4 48.Ra5 Rxb3+ 49.Kg4 a3 50.Kg5 Rh3 51.Kh6 Kd6 52.Kg5 Rf3 53.Kh6 
Rxf2 54.Rxa3 Rh2 55.Kxh7 Rxh5+ 56.Kg6 Rxd5 57.Rf3 Ke5 58.Kh6 Ke4 59.Rf1 f3
60.Kg6 Ke3 61.Ra1 f2 62.Ra3+ Ke2 63.Ra2+ Kf3 64.Ra3+ Kg2 0-1

[Event "Paskturneringen"]
[Site "Norrkoping"]
[Date "2016.03.25"]
[Round "1.4"]
[White "Kruuse, Peter"]
[Black "Semcesen, Daniel"]
[Result "0-1"]
[WhiteElo "1913"]
[BlackElo "2442"]

1.e4 d6 2.d4 Nf6 3.Bd3 e5 4.c3 g6 5.Ne2 Bg7 6.f3 O-O 7.Be3 Nc6 8.d5 Ne7 9.
c4 Nh5 10.g4 Nf4 11.Bxf4 exf4 12.Nbc3 g5 13.h4 h6 14.hxg5 hxg5 15.e5 Re8 
16.exd6 cxd6 17.Qc2 a6 18.O-O-O Rb8 19.Rh5 b5 20.Rdh1 bxc4 21.Be4 Bd7 22.
Nxf4 gxf4 23.Qh2 Ng6 24.Bxg6 fxg6 25.Rh8+ Kf7 26.Qxf4+ Qf6 27.Qxf6+ Kxf6 
28.Ne4+ Ke5 29.R8h7 Rh8 0-1

[Event "Paskturneringen"]
[Site "Norrkoping"]
[Date "2016.03.25"]
[Round "1.5"]
[White "Akesson, Ralf"]
[Black "Nguyen, Gabriel"]
[Result "1-0"]
[WhiteElo "2439"]
[BlackElo "1905"]

1.Nf3 Nf6 2.c4 g6 3.Nc3 Bg7 4.e4 d6 5.d4 O-O 6.h3 e5 7.d5 a5 8.Be3 Na6 9.
g4 c6 10.Nd2 c5 11.Be2 Ne8 12.h4 f6 13.h5 g5 14.h6 Bh8 15.a3 Rf7 16.Bd3 
Bd7 17.Bc2 Qc8 18.f3 Rb8 19.Ba4 Bxa4 20.Qxa4 b6 21.Nf1 Qd7 22.Qxd7 Rxd7 
23.Ng3 Nec7 24.Nf5 Kf7 25.Rh2 Rdd8 26.Rc2 Rb7 27.Bd2 Ke8 28.Rb1 Kd7 29.Ke2
Rc8 30.Kd3 b5 31.cxb5 Nxb5 32.Nxb5 Rxb5 33.Rc4 Rb3+ 34.Bc3 Rcb8 35.Kc2 Nc7
36.Ra4 R3b7 37.Rxa5 Nb5 38.Bd2 Nd4+ 39.Nxd4 exd4 40.b3 f5 41.gxf5 Bf6 42.
Ra4 Rg8 43.Rg1 Kc7 44.Ra6 Kd7 45.a4 d3+ 46.Kxd3 Rxb3+ 47.Ke2 Rb7 48.a5 c4 
49.Rc6 c3 50.Bxc3 Bxc3 51.Rxc3 Ra7 52.Ra3 Ra6 53.Rb1 Rc8 54.Rb7+ Rc7 55.
Rxc7+ Kxc7 56.Kd3 Ra8 57.a6 Kb6 58.a7 Kb7 59.Kd4 Kc7 60.f6 Kd7 61.Ra6 Kc7 
62.e5 dxe5+ 63.Kxe5 Kb7 64.Ra1 Re8+ 65.Kf5 Ka8 66.f7 Rf8 67.Kf6 1-0

[Event "Paskturneringen"]
[Site "Norrkoping"]
[Date "2016.03.25"]
[Round "1.6"]
[White "Fang, Andy"]
[Black "Sjodahl, Pontus"]
[Result "0-1"]
[WhiteElo "1904"]
[BlackElo "2417"]

1.c4 e6 2.g3 d5 3.d4 Nf6 4.Nf3 dxc4 5.Bg2 Nc6 6.O-O Rb8 7.a4 b6 8.e3 Bd6 
9.Na3 Bxa3 10.Rxa3 O-O 11.Qc2 Ba6 12.Rd1 Nd5 13.Bd2 Qe7 14.e4 Ndb4 15.Bxb4
Nxb4 16.Qc3 c5 17.d5 Rbd8 18.Ne5 Rfe8 19.Nxc4 exd5 20.exd5 Qe2 21.Rc1 Nxd5
22.Bxd5 Rxd5 23.Ne3 Rd2 24.Rf1 Rd3 25.Qc1 Rxa3 26.bxa3 Rxe3 27.fxe3 Qxf1+ 
28.Qxf1 Bxf1 29.Kxf1 f5 30.Ke2 Kf7 31.Kd3 Ke6 32.Kc4 Kd6 33.h3 Kc6 34.g4 
fxg4 35.hxg4 h6 36.e4 g6 37.e5 h5 0-1

[Event "Paskturneringen"]
[Site "Norrkoping"]
[Date "2016.03.25"]
[Round "1.7"]
[White "Pohjala, Henri"]
[Black "Huse, Sigurd Kjelsbol"]
[Result "1-0"]
[WhiteElo "2396"]
[BlackElo "1900"]

1.d4 d5 2.Nf3 Nf6 3.g3 Bf5 4.Bg2 e6 5.O-O Bd6 6.c4 c6 7.Nc3 Nbd7 8.Qb3 Qc7
9.Nd2 O-O 10.e4 dxe4 11.Ndxe4 Nxe4 12.Nxe4 Bxe4 13.Bxe4 e5 14.c5 Be7 15.
Re1 Bf6 16.Qc2 h6 17.d5 cxd5 18.Bxd5 Qxc5 19.Qxc5 Nxc5 20.Be3 Rac8 21.b4 
Nd3 22.Red1 Nxb4 23.Bxb7 Rc7 24.Be4 Nc2 25.Bxc2 Rxc2 26.a4 e4 27.Ra3 a6 
28.Rb3 Ra2 29.Rb4 Re8 30.h4 g5 31.h5 Bg7 32.Rd5 Rc8 33.Kg2 Rc3 34.Kh3 Rca3
35.Rb8+ Kh7 36.Rf5 Rxa4 37.Rxf7 Rb2 38.Rxb2 1-0

[Event "Paskturneringen"]
[Site "Norrkoping"]
[Date "2016.03.25"]
[Round "1.8"]
[White "Wincent, Ingemar"]
[Black "Ernst, Thomas"]
[Result "0-1"]
[WhiteElo "1893"]
[BlackElo "2370"]

1.c4 c5 2.g3 g6 3.Bg2 Bg7 4.Nc3 Nc6 5.a3 a5 6.e3 e5 7.Nge2 Nge7 8.d3 d6 9.
Bd2 O-O 10.O-O Rb8 11.Rb1 Be6 12.Nd5 b5 13.b3 b4 14.a4 Qd7 15.Re1 Bh3 16.
Bh1 Nxd5 17.cxd5 Ne7 18.e4 f5 19.f3 Rf7 20.Qc1 Rbf8 21.f4 fxe4 22.dxe4 
exf4 23.Bxf4 h6 24.Qd2 g5 25.Be3 Ng6 26.Bg2 Bxg2 27.Kxg2 Qg4 0-1

[Event "Paskturneringen"]
[Site "Norrkoping"]
[Date "2016.03.25"]
[Round "2.1"]
[White "Winfridsson, Hakan"]
[Black "Hillarp Persson, Tiger"]
[Result "0-1"]
[WhiteElo "2103"]
[BlackElo "2533"]

1.e4 g6 2.d4 Bg7 3.Nc3 d6 4.Bg5 a6 5.Qd2 b5 6.O-O-O h6 7.Bf4 Bb7 8.f3 e6 
9.g4 Nd7 10.Qf2 Ne7 11.Bd3 b4 12.Nce2 d5 13.Ng3 c5 14.exd5 Bxd4 15.Qe1 
Nxd5 16.Bd2 Ne5 17.Be4 Qa5 18.Bxd5 Bxd5 19.Bxb4 Bxb2+ 20.Kxb2 cxb4 21.Rxd5
Qxd5 22.Ne4 Nc4+ 23.Kc1 Qe5 24.Qxb4 Qa1+ 25.Qb1 Qxb1+ 26.Kxb1 Ke7 27.Ne2 
Rhd8 28.Kc1 Rac8 29.c3 f5 30.Nf2 Rd2 31.Re1 Rxa2 32.Nd3 Ra1+ 33.Kc2 Rxe1 
34.Nxe1 e5 35.Nd3 Ke6 36.h3 Ne3+ 37.Kd2 Nd5 38.Nb2 Nf4 39.Nxf4+ exf4 40.c4
fxg4 41.fxg4 Ke5 42.Ke2 Kd4 43.Nd3 f3+ 44.Kd2 Rxc4 45.Nf4 0-1

[Event "Paskturneringen"]
[Site "Norrkoping"]
[Date "2016.03.25"]
[Round "2.2"]
[White "Tikkanen, Hans"]
[Black "Backman, Michael"]
[Result "1-0"]
[WhiteElo "2533"]
[BlackElo "2089"]

1.e4 c5 2.Nf3 d6 3.Bb5+ Nd7 4.O-O Nf6 5.Re1 a6 6.Bf1 e6 7.c3 Be7 8.d4 O-O 
9.Nbd2 b6 10.Bd3 Bb7 11.Qe2 e5 12.Qf1 b5 13.a4 c4 14.Bc2 Nh5 15.g3 g6 16.
b3 cxb3 17.Bxb3 Qc7 18.axb5 Qxc3 19.Ba3 Qc7 20.dxe5 Nxe5 21.Nxe5 dxe5 22.
Rec1 Qd7 23.Bxe7 Qxe7 24.bxa6 Rad8 25.axb7 Rxd2 26.Bd5 Qd6 27.Rc8 Rb2 28.
Qa6 Qb4 29.Qa3 Qb6 30.Qxf8# 1-0

[Event "Paskturneringen"]
[Site "Norrkoping"]
[Date "2016.03.25"]
[Round "2.4"]
[White "Semcesen, Daniel"]
[Black "Neretljak, Nedzad"]
[Result "1-0"]
[WhiteElo "2442"]
[BlackElo "2078"]

1.d4 b6 2.c4 Bb7 3.Nc3 Nf6 4.f3 c5 5.d5 e5 6.e4 d6 7.Bd3 g6 8.Nge2 Bg7 9.
Bg5 O-O 10.Qd2 a6 11.h4 Bc8 12.h5 Qe8 13.g4 Ra7 14.Ng3 Nxg4 15.fxg4 Bxg4 
16.Be2 Bxe2 17.Qxe2 f5 18.hxg6 Qxg6 19.Qh5 fxe4 20.Qxg6 hxg6 21.Ncxe4 Rd7 
22.O-O-O b5 23.Rdf1 bxc4 24.Nf6+ Bxf6 25.Bxf6 Rh7 26.Rxh7 Kxh7 27.Ne4 g5 
28.Rg1 Nd7 29.Bxg5 Nb6 30.Be7 Rf5 31.Nf6+ Rxf6 32.Bxf6 Nxd5 33.Bg5 Nb4 34.
a3 Nd3+ 35.Kc2 d5 36.b3 1-0

[Event "Paskturneringen"]
[Site "Norrkoping"]
[Date "2016.03.25"]
[Round "2.5"]
[White "Mattsson, Michael"]
[Black "Akesson, Ralf"]
[Result "0-1"]
[WhiteElo "2070"]
[BlackElo "2439"]

1.e4 c5 2.Nf3 e6 3.Nc3 a6 4.a4 Nc6 5.Bc4 Nf6 6.Qe2 Nd4 7.Qd3 d5 8.Ba2 dxe4
9.Nxe4 Be7 10.Nxd4 cxd4 11.c3 O-O 12.a5 dxc3 13.Qxd8 Bxd8 14.Nxf6+ gxf6 
15.bxc3 Bxa5 16.Bxe6 Bxe6 17.Rxa5 Bc4 18.Ba3 Rfe8+ 19.Kd1 b6 20.Rf5 Rad8 
21.d4 Re2 22.Kc1 Rde8 23.Rxf6 Ra2 24.Bb2 b5 0-1

[Event "Paskturneringen"]
[Site "Norrkoping"]
[Date "2016.03.25"]
[Round "2.6"]
[White "Sjodahl, Pontus"]
[Black "Satonen, Arto"]
[Result "1-0"]
[WhiteElo "2417"]
[BlackElo "2068"]

1.d4 d5 2.c4 e6 3.Nc3 c5 4.cxd5 exd5 5.Nf3 Nc6 6.g3 Nf6 7.Bg2 Be7 8.O-O 
O-O 9.Bg5 cxd4 10.Nxd4 h6 11.Be3 Re8 12.Qa4 Ne5 13.Rad1 Bd7 14.Qc2 Rc8 15.
Nf5 Bb4 16.Bd4 Nc6 17.Bxf6 Qxf6 18.Rxd5 Bxc3 19.Rxd7 Nb4 20.Qb1 Be5 21.
Rxb7 Nc2 22.Bh3 Rc5 23.Rc1 Qa6 24.Re7 Rec8 25.Rxe5 Rxe5 26.Ne7+ Rxe7 27.
Bxc8 Qxc8 28.Qxc2 1-0

[Event "Paskturneringen"]
[Site "Norrkoping"]
[Date "2016.03.25"]
[Round "2.7"]
[White "Gillefalk, Bjorn"]
[Black "Pohjala, Henri"]
[Result "0-1"]
[WhiteElo "2067"]
[BlackElo "2396"]

1.d4 d5 2.c4 c6 3.Nf3 Nf6 4.Nc3 a6 5.e3 e6 6.Qc2 Nbd7 7.b3 b6 8.Bd3 Bb7 9.
O-O dxc4 10.Bxc4 b5 11.Bd3 c5 12.Bb2 Bxf3 13.gxf3 cxd4 14.Ne4 Rc8 15.Qe2 
Ne5 16.Bxd4 Nxd3 17.Bxf6 gxf6 18.Rfd1 f5 19.Rxd3 Qh4 20.Nd6+ Bxd6 21.Rxd6 
Rg8+ 22.Kh1 Qg5 23.Qf1 Qh5 0-1

[Event "Paskturneringen"]
[Site "Norrkoping"]
[Date "2016.03.25"]
[Round "2.8"]
[White "Ernst, Thomas"]
[Black "Carlstrom, Niklas"]
[Result "1/2-1/2"]
[WhiteElo "2370"]
[BlackElo "2056"]

1.e4 Nc6 2.Nf3 f5 3.exf5 d5 4.d4 Bxf5 5.Bd3 Bg4 6.h3 Bxf3 7.Qxf3 Nf6 8.c3 
e5 9.Bb5 e4 10.Qe2 Bd6 11.Nd2 O-O 12.Nf1 Ne7 13.Ne3 c6 14.Ba4 Qd7 15.Bd2 
Ng6 16.g3 a5 17.Ng4 Nxg4 18.Qxg4 Qxg4 19.hxg4 b5 20.Bd1 b4 21.Ba4 Ne7 22.
O-O c5 23.Be3 c4 24.Kg2 Rab8 25.Rab1 Rb6 26.cxb4 axb4 27.f3 exf3+ 28.Rxf3 
Rxf3 29.Kxf3 Ra6 30.b3 c3 31.Bf4 Kf7 32.Ke3 Ng8 33.Kd3 Nf6 34.Rf1 Ke7 35.
a3 bxa3 36.Bxd6+ Rxd6 37.Kxc3 Ne4+ 38.Kb4 a2 39.Ra1 Rg6 40.Rxa2 Rxg4 41.
Rc2 Rxg3 42.Rc7+ Kd6 43.Rc6+ Ke7 44.Rc7+ Kd6 45.Rc6+ Ke7 1/2-1/2

[Event "Paskturneringen"]
[Site "Norrkoping"]
[Date "2016.03.25"]
[Round "3.1"]
[White "Hillarp Persson, Tiger"]
[Black "Gutzmann, Tobias"]
[Result "1-0"]
[WhiteElo "2533"]
[BlackElo "2171"]

1.Nf3 d5 2.c4 e6 3.d4 c5 4.cxd5 exd5 5.g3 Nc6 6.Bg2 Nf6 7.O-O Be7 8.dxc5 
Bxc5 9.a3 O-O 10.b4 Be7 11.Nc3 Bg4 12.Bb2 d4 13.Nb5 d3 14.Qxd3 Qxd3 15.
exd3 Rfd8 16.Nfd4 Nxd4 17.Nxd4 Rd7 18.Rfe1 Bd8 19.h3 Bh5 20.Nb3 Rxd3 21.
Nc5 Rd2 22.Bxb7 Rb8 23.Be5 Rxb7 24.Bxf6 1-0

[Event "Paskturneringen"]
[Site "Norrkoping"]
[Date "2016.03.25"]
[Round "3.2"]
[White "Karlsson, Jorgen"]
[Black "Tikkanen, Hans"]
[Result "0-1"]
[WhiteElo "2168"]
[BlackElo "2533"]

1.e4 e6 2.d3 d5 3.Nd2 g6 4.Ngf3 Bg7 5.Be2 c5 6.O-O Ne7 7.c3 Nbc6 8.Qc2 O-O
9.Rd1 b6 10.Nb3 d4 11.cxd4 cxd4 12.a4 Nb4 13.Qb1 e5 14.Nbd2 Nec6 15.Nc4 f6
16.Ne1 f5 17.Bd2 f4 18.Nf3 Qe7 19.Rc1 Bf6 20.Na3 Be6 21.Nc2 Rfc8 22.Nfe1 
a5 23.Na3 Na6 24.Nc4 Rab8 25.b3 h5 26.Rc2 Ncb4 27.Rb2 Qh7 28.Qd1 Kg7 29.
Rc1 g5 30.Nc2 g4 31.Nxb4 axb4 32.Rbc2 Qg6 33.Kh1 Rc5 34.Qe1 b5 35.axb5 
Rbxb5 36.Ra1 Bxc4 37.bxc4 Rb6 38.Rb2 Rc7 39.Rba2 Be7 40.Ra5 Nc5 41.Ra7 
Rcb7 42.Qb1 b3 43.Qb2 f3 44.Bf1 fxg2+ 45.Kxg2 Qf7 46.R7a5 Rf6 47.Be1 Rf3 
48.Ra7 Bg5 49.Rxb7 Qxb7 50.Qb1 b2 51.Ra3 Bc1 52.Be2 Qf7 53.Kg1 Nxe4 54.
Bxf3 gxf3 0-1

[Event "Paskturneringen"]
[Site "Norrkoping"]
[Date "2016.03.25"]
[Round "3.3"]
[White "Johansson, Carl Fredrik"]
[Black "Semcesen, Daniel"]
[Result "0-1"]
[WhiteElo "2151"]
[BlackElo "2442"]

1.d4 d5 2.c4 c6 3.Nc3 Nf6 4.cxd5 cxd5 5.Bf4 a6 6.e3 Nc6 7.Bd3 g6 8.Nf3 Bg7
9.O-O O-O 10.Ne5 Nh5 11.Be2 Nxf4 12.exf4 e6 13.Rc1 Bd7 14.Na4 Nxe5 15.fxe5
Bxa4 16.Qxa4 Qb6 17.Rc2 Bh6 18.Rd1 Rfc8 19.h4 Qd8 20.h5 b5 21.Rxc8 Qxc8 
22.Qb3 Qd8 23.hxg6 hxg6 24.Qg3 Rc8 25.a4 bxa4 26.Bxa6 Rb8 27.Bd3 Kg7 28.
Bc2 Rb4 29.Qc3 Qb6 30.Qa3 Rxd4 31.Re1 Rd2 0-1

[Event "Paskturneringen"]
[Site "Norrkoping"]
[Date "2016.03.25"]
[Round "3.4"]
[White "Akesson, Ralf"]
[Black "Ask, Josef"]
[Result "1-0"]
[WhiteElo "2439"]
[BlackElo "2149"]

1.d4 Nf6 2.Nf3 d6 3.g3 Nbd7 4.c4 e5 5.Nc3 Be7 6.Bg2 c6 7.e4 O-O 8.O-O Qc7 
9.h3 a6 10.Be3 b5 11.Qc2 Bb7 12.a3 Rfe8 13.Rfd1 Bf8 14.Nd2 g6 15.Rac1 Rac8
16.Qb1 Qb8 17.b4 Bg7 18.dxe5 Nxe5 19.Qb3 Rcd8 20.cxb5 axb5 21.a4 Bc8 22.
axb5 Be6 23.Qa4 Nd3 24.Rb1 cxb5 25.Qxb5 Qxb5 26.Nxb5 Ba2 27.Ra1 Nxb4 28.
Bd4 Be6 29.Nc7 Re7 30.Nxe6 Rxe6 31.Rdc1 d5 32.exd5 Re2 33.Nf3 Nc2 34.Bxf6 
Bxf6 35.Ra6 Bb2 36.Rd1 Nb4 37.Ra5 Rd6 38.Bf1 Rc2 39.Ng5 f5 40.Ra8+ Kg7 41.
Ra7+ Kg8 42.Rb7 Bc3 43.Rb8+ Kg7 44.Rb7+ Kg8 45.Rb1 h6 46.Nf7 Rxd5 47.Bc4 
Rdd2 48.Ng5+ Kf8 49.Ne6+ Kg8 50.Nd4+ Kh8 51.Nxc2 Nxc2 52.R1b6 Bd4 53.Re6 
1-0

[Event "Paskturneringen"]
[Site "Norrkoping"]
[Date "2016.03.25"]
[Round "3.5"]
[White "Tiger-Norqvist, Axel"]
[Black "Sjodahl, Pontus"]
[Result "0-1"]
[WhiteElo "2138"]
[BlackElo "2417"]

1.e4 e6 2.d4 d5 3.e5 c5 4.c3 Qb6 5.Nf3 Nc6 6.a3 Bd7 7.b4 cxd4 8.cxd4 Rc8 
9.Be3 Nh6 10.Bd3 Ng4 11.O-O Be7 12.Nbd2 Nxe3 13.fxe3 O-O 14.Nb3 Nb8 15.Qe2
Na6 16.Nc5 Nxc5 17.bxc5 Qa5 18.Nd2 h6 19.a4 b6 20.Ba6 Rc7 21.Nb3 Qb4 22.
Rfb1 bxc5 23.Nxc5 Qc3 24.Rc1 Qa5 25.Nxd7 Rxd7 26.Qb5 Qxb5 27.axb5 Bd8 28.
Rc6 Bb6 29.Rac1 Re7 30.Bc8 Kh7 31.g4 h5 32.g5 h4 33.Kg2 Kg6 34.Kf3 Rh8 35.
Rg1 h3 36.Rg4 Ree8 37.Ba6 Rh5 38.Rc1 Rxg5 39.Rxg5+ Kxg5 40.Rg1+ Kh6 41.Kg4
Re7 42.Rc1 Kg6 43.Rc6 Ba5 44.Bc8 Re8 45.e4 Rd8 46.Kf3 Bb6 47.exd5 Rxd5 48.
Rd6 Rxd4 49.Rxd4 Bxd4 50.Kg3 Bxe5+ 51.Kxh3 Kg5 52.Kg2 Kf4 53.Bd7 Bd4 54.h3
e5 55.Bg4 f5 56.Be2 e4 57.Bh5 Ke3 58.Kf1 f4 59.Bg6 f3 60.Bh5 Kf4 0-1

[Event "Paskturneringen"]
[Site "Norrkoping"]
[Date "2016.03.25"]
[Round "3.6"]
[White "Pohjala, Henri"]
[Black "Janse, Love"]
[Result "1-0"]
[WhiteElo "2396"]
[BlackElo "2129"]

1.d4 f5 2.Nf3 Nf6 3.g3 g6 4.Bg2 Bg7 5.O-O O-O 6.c4 d6 7.Nc3 Qe8 8.b4 c6 9.
Qb3 h6 10.d5 Bd7 11.Bb2 Na6 12.a3 Nc7 13.Nd4 e5 14.dxe6 Nxe6 15.Rad1 Qe7 
16.e3 Ng4 17.Nce2 Ne5 18.Nf4 g5 19.Nfe2 f4 20.exf4 gxf4 21.gxf4 Nxf4 22.
c5+ d5 23.Nxf4 Rxf4 24.Ne2 Rh4 25.Ng3 Rf8 26.Rde1 Qg5 27.Bxd5+ Kh8 28.f4 
Rfxf4 29.Rxf4 Qxf4 30.Bg2 Bh3 31.Re4 Qd2 32.Re2 Qg5 33.Bxh3 Rxh3 34.Kg2 
Rh4 35.Qc2 Qf4 36.Qf5 Rxh2+ 37.Kxh2 Nf3+ 38.Kh1 1-0

[Event "Paskturneringen"]
[Site "Norrkoping"]
[Date "2016.03.25"]
[Round "3.7"]
[White "Adler, Bo"]
[Black "Bellon Lopez, Juan Manuel"]
[Result "1/2-1/2"]
[WhiteElo "2129"]
[BlackElo "2350"]

1.d4 Nf6 2.c4 c5 3.d5 e5 4.Nc3 d6 5.e4 Be7 6.Nf3 O-O 7.Be2 Ne8 8.O-O Nd7 
9.a3 a6 10.b4 Kh8 11.Be3 b6 12.Qd2 Ndf6 13.h3 g6 14.Ne1 Ng7 15.Nd3 Nfh5 
16.g4 Nf6 17.f4 exf4 18.Bxf4 Nd7 19.e5 dxe5 20.Nxe5 Nxe5 21.Bxe5 f5 22.
bxc5 Bxc5+ 23.Kg2 Qe7 24.Bf4 Bd7 25.Bf3 fxg4 26.hxg4 Qf6 27.Bg5 Qd4 28.Ne4
Bxg4 29.Qxd4 Bxf3+ 30.Rxf3 Bxd4 31.Rxf8+ Rxf8 32.Rd1 Be5 33.Be3 Bc7 34.Bd4
Bd8 35.c5 Rf4 36.Rf1 Rxf1 37.Kxf1 bxc5 38.Nxc5 Kg8 39.Bxg7 Kxg7 40.Ne6+ 
Kf6 41.Nxd8 Ke5 42.Nc6+ Kxd5 1/2-1/2

[Event "Paskturneringen"]
[Site "Norrkoping"]
[Date "2016.03.25"]
[Round "3.8"]
[White "Hedman, Erik"]
[Black "Nielsen, Klaus"]
[Result "1-0"]
[WhiteElo "2349"]
[BlackElo "2121"]

1.d4 d5 2.c4 e6 3.Nf3 c6 4.g3 f5 5.Bg2 Nf6 6.O-O Bd6 7.Nc3 O-O 8.Rb1 a5 9.
c5 Bc7 10.Bf4 Bxf4 11.gxf4 Nbd7 12.Na4 Ne4 13.Ne5 Qh4 14.f3 Nef6 15.Qd2 
Nh5 16.e3 g5 17.Nd3 gxf4 18.exf4 Kh8 19.Rfe1 Ng7 20.Re2 Rf6 21.Qe1 Qh5 22.
Kh1 Rh6 23.Qg3 Rb8 24.Ne5 Nxe5 25.fxe5 f4 26.Qxf4 Nf5 27.Rd2 Bd7 28.Bf1 
Rg8 29.Rg2 Ng3+ 30.Kg1 Nf5 31.b4 axb4 32.Rxb4 Rg3 33.hxg3 Qh1+ 34.Kf2 Rh2 
35.Rxb7 Rxg2+ 36.Bxg2 Qd1 37.Rb8+ 1-0

[Event "Paskturneringen"]
[Site "Norrkoping"]
[Date "2016.03.26"]
[Round "4.1"]
[White "Thorsbro, Peter"]
[Black "Hillarp Persson, Tiger"]
[Result "0-1"]
[WhiteElo "2249"]
[BlackElo "2533"]

1.d4 e6 2.c4 c5 3.d5 exd5 4.cxd5 d6 5.Nc3 g6 6.e4 Bg7 7.Nge2 Ne7 8.Ng3 h5 
9.Be2 a6 10.a4 Nd7 11.O-O h4 12.Nh1 Bd4 13.Bf4 Ne5 14.Qd2 f6 15.Be3 Bxe3 
16.Qxe3 g5 17.f4 gxf4 18.Qxf4 N7g6 19.Qxf6 Qxf6 20.Rxf6 Ke7 21.Rff1 Bd7 
22.Nf2 Nf4 23.Nfd1 Nxe2+ 24.Nxe2 b5 25.Ne3 b4 26.b3 a5 27.Nf4 Rag8 28.Rad1
Bc8 29.Rf2 Ba6 30.Ne6 Bd3 31.Nf5+ Kd7 32.Re1 Rg4 33.Nf4 Bc2 34.Re3 c4 35.
Rxc2 Rxf4 36.bxc4 Rc8 37.Nd4 Rxc4 38.Rxc4 Nxc4 39.Re2 Nb6 40.g3 Rg4 41.Kf2
Nxd5 42.h3 hxg3+ 43.Kf3 g2 44.Rxg2 Rf4+ 45.Ke2 Rxe4+ 46.Kd3 Re3+ 47.Kc4 
Nc7 48.Rg7+ Kc8 49.Nb5 d5+ 50.Kd4 Re4+ 51.Kc5 Rc4+ 52.Kb6 Nxb5 53.Kxb5 b3 
54.Rg8+ Kc7 55.Rg7+ Kd6 56.Rg1 b2 57.Rb1 Rb4+ 58.Kxa5 Rb3 59.h4 Ke6 60.Ka6
d4 61.a5 d3 62.Ka7 d2 63.h5 Kd7 64.h6 Kc7 65.a6 Rh3 66.h7 Rxh7 67.Ka8 Rh6 
68.Ka7 Rb6 0-1

[Event "Paskturneringen"]
[Site "Norrkoping"]
[Date "2016.03.26"]
[Round "4.2"]
[White "Tikkanen, Hans"]
[Black "Nygren, Kim"]
[Result "1/2-1/2"]
[WhiteElo "2533"]
[BlackElo "2274"]

1.e4 d5 2.exd5 Nf6 3.Nf3 Bg4 4.d4 Qxd5 5.Be2 e6 6.h3 Bh5 7.c4 Qd8 8.Nc3 
Be7 9.Be3 O-O 10.g4 Bg6 11.Ne5 Nbd7 12.Nxg6 fxg6 13.g5 Nh5 14.Bxh5 gxh5 
15.Qxh5 Rf5 16.h4 Bb4 17.Qg4 Qe7 18.O-O Bxc3 19.bxc3 Raf8 20.Qe4 Qf7 21.c5
Rf3 22.Kg2 Qh5 23.Rh1 R8f7 24.Rh3 Rxh3 25.Kxh3 Qe2 26.Kg3 Rxf2 27.Qxe6+ 
Kf8 28.Qe4 h5 29.a4 Rf7 30.a5 Kg8 31.a6 bxa6 32.Rb1 Nf8 33.d5 Ng6 34.d6 
cxd6 35.cxd6 Kh7 36.Rb4 Qe1+ 37.Kg2 Qe2+ 38.Kg3 Qe1+ 39.Kg2 Qe2+ 1/2-1/2

[Event "Paskturneringen"]
[Site "Norrkoping"]
[Date "2016.03.26"]
[Round "4.3"]
[White "Semcesen, Daniel"]
[Black "Bogo, Soren"]
[Result "1/2-1/2"]
[WhiteElo "2442"]
[BlackElo "2244"]

1.d4 d5 2.c4 c6 3.Nf3 Nf6 4.Qb3 e6 5.Bg5 Nbd7 6.Nc3 Be7 7.e3 O-O 8.Be2 
dxc4 9.Qxc4 a6 10.O-O h6 11.Bh4 Ra7 12.b4 b6 13.Rfd1 Bb7 14.a4 Nd5 15.Bxe7
Qxe7 16.Rab1 a5 17.Nxd5 exd5 18.Qc3 axb4 19.Rxb4 Rfa8 20.Ne5 c5 21.Rb2 
Nxe5 22.dxe5 Rxa4 23.Rxb6 Ra3 24.Rb3 d4 25.exd4 cxd4 26.Qb4 Qxb4 27.Rxb4 
d3 28.Bg4 R8a4 29.Rxa4 Rxa4 30.f3 Ba6 31.Rd2 Ra5 32.Bf5 Rxe5 33.Bxd3 Bxd3 
34.Rxd3 Re2 1/2-1/2

[Event "Paskturneringen"]
[Site "Norrkoping"]
[Date "2016.03.26"]
[Round "4.4"]
[White "Pantzar, Milton"]
[Black "Akesson, Ralf"]
[Result "0-1"]
[WhiteElo "2231"]
[BlackElo "2439"]

1.d4 g6 2.c4 f5 3.Nf3 Bg7 4.g3 d6 5.Nc3 Nf6 6.Bg2 O-O 7.O-O Qe8 8.Qc2 e5 
9.dxe5 dxe5 10.e4 f4 11.b3 h6 12.Bb2 Nh5 13.Nd5 Na6 14.Ba3 Rf7 15.Qe2 c6 
16.Nb4 Bf8 17.Nc2 Nc5 18.Bb2 Bg7 19.Rad1 Qe7 20.Nce1 Bg4 21.Nd3 Nxd3 22.
Qxd3 Raf8 23.Qc3 Re8 24.Rd3 g5 25.h3 Bc8 26.g4 Nf6 27.Re1 Nd7 28.b4 Nb6 
29.Qb3 Be6 30.Nd2 Rd8 31.a3 Qe8 32.Bf1 Rxd3 33.Qxd3 Qd7 34.Qc2 h5 35.f3 
hxg4 36.hxg4 Bxg4 37.fxg4 Qxg4+ 38.Kf2 f3 39.Rd1 Qf4 40.Qb3 g4 41.Nxf3 
Qh2+ 42.Ke1 Rxf3 43.Rd8+ Kh7 44.Bd3 Qh4+ 0-1

[Event "Paskturneringen"]
[Site "Norrkoping"]
[Date "2016.03.26"]
[Round "4.5"]
[White "Sjodahl, Pontus"]
[Black "Rahul Kumar, Pune"]
[Result "1-0"]
[WhiteElo "2417"]
[BlackElo "2204"]

1.d4 d6 2.e4 g6 3.c4 Bg7 4.Nc3 Nd7 5.Be3 e5 6.Nge2 Ngf6 7.f3 a6 8.d5 h5 9.
Qd2 Kf8 10.Nc1 b6 11.a3 Kg8 12.b4 a5 13.Nb3 Bf8 14.h4 axb4 15.axb4 Bb7 16.
Bd3 Rxa1+ 17.Nxa1 Be7 18.Nb3 Kh7 19.g3 Ne8 20.Bf2 Ng7 21.Qc2 Rf8 22.g4 
hxg4 23.fxg4 Nf6 24.Be2 Qd7 25.Rg1 Ra8 26.Kd2 Ra3 27.Kc1 Qc8 28.Kb2 Qa8 
29.Be3 Nd7 30.g5 Ra7 31.h5 Nf8 32.Bd1 Qd8 33.Qf2 Kg8 34.Rf1 Qe8 35.Nb5 Ra4
36.Nxc7 Qd7 37.Qxf7+ Kh8 38.hxg6 Qh3 39.Qxf8+ 1-0

[Event "Paskturneringen"]
[Site "Norrkoping"]
[Date "2016.03.26"]
[Round "4.6"]
[White "Lindborg, Patrik"]
[Black "Pohjala, Henri"]
[Result "0-1"]
[WhiteElo "2179"]
[BlackElo "2396"]

1.Nf3 d5 2.c4 c6 3.g3 Nf6 4.Bg2 e6 5.b3 Nbd7 6.Bb2 Bd6 7.O-O O-O 8.Nc3 Re8
9.d3 Qe7 10.a3 a5 11.cxd5 exd5 12.e4 dxe4 13.Nxe4 Nd5 14.Re1 Qf8 15.Nxd6 
Rxe1+ 16.Qxe1 Qxd6 17.Ng5 Nc7 18.Qc3 Qf8 19.Re1 h6 20.Ne4 Nd5 21.Qd4 N7f6 
22.Nxf6+ Nxf6 23.Qf4 Ne8 24.b4 axb4 25.axb4 Be6 26.b5 cxb5 27.Bxb7 Ra2 28.
Bc3 Qd6 29.Qxd6 Nxd6 30.Be4 Rc2 31.Bb4 Nxe4 32.dxe4 Rb2 33.Bc3 Rb3 34.Bd4 
b4 35.Kg2 Rd3 36.Bc5 b3 37.Rb1 Bg4 38.Be3 Bd1 39.Rb2 Bc2 40.Kf3 h5 41.h4 
Kf8 42.Ke2 Rd1 43.Bd2 Ke7 44.Bc3 g6 45.Bb4+ Ke6 46.Bc3 Kd6 47.Bf6 Kc5 48.
Bg7 Kc4 49.Bf6 Rd6 50.Bg7 Re6 51.Kd2 Rxe4 52.Rxc2+ bxc2 0-1

[Event "Paskturneringen"]
[Site "Norrkoping"]
[Date "2016.03.26"]
[Round "4.7"]
[White "Eriksson, Lennarth"]
[Black "Hedman, Erik"]
[Result "0-1"]
[WhiteElo "1978"]
[BlackElo "2349"]

1.d4 c5 2.d5 Nf6 3.Nf3 g6 4.Nc3 d6 5.e4 Bg7 6.h3 O-O 7.Be2 Na6 8.Bf4 Nc7 
9.a4 b6 10.Qd2 Bb7 11.O-O a6 12.Rfe1 Qd7 13.Bf1 b5 14.a5 Rad8 15.Bg5 Rde8 
16.Bh6 e6 17.Bxg7 Kxg7 18.e5 dxe5 19.Nxe5 Qd6 20.Qg5 exd5 21.f4 Nh5 22.Qh4
f6 23.Nd3 c4 24.g4 d4 25.gxh5 dxc3 26.h6+ Kg8 27.Nf2 cxb2 28.Rad1 Rxe1 29.
Rxe1 Ne6 30.f5 Ng5 31.Bg2 Bxg2 32.Kxg2 Qd5+ 33.Kf1 Nf3 34.Qg3 Nxe1 35.fxg6
Qg2+ 0-1

[Event "Paskturneringen"]
[Site "Norrkoping"]
[Date "2016.03.26"]
[Round "4.8"]
[White "Ernst, Thomas"]
[Black "Johansen, Paul"]
[Result "1-0"]
[WhiteElo "2370"]
[BlackElo "2178"]

1.e4 c5 2.Nf3 Nc6 3.d4 cxd4 4.Nxd4 g6 5.c4 Bg7 6.Be3 d6 7.Nc3 Nf6 8.Be2 
O-O 9.O-O Nxd4 10.Bxd4 Be6 11.Qd2 Qa5 12.Rad1 Rfc8 13.b3 h5 14.Bxf6 Bxf6 
15.Nd5 Qxd2 16.Nxf6+ exf6 17.Rxd2 Rc6 18.f4 f5 19.exf5 Bxf5 20.Bf3 Rb6 21.
Rfd1 Re8 22.Rxd6 Rxd6 23.Rxd6 Re1+ 24.Kf2 Ra1 25.Rd2 b6 26.Ke3 Kf8 27.Kd4 
Ke7 28.Bd5 Rf1 29.g3 h4 30.Re2+ Kf6 31.Ke3 hxg3 32.hxg3 Rg1 33.Kf2 Ra1 34.
Ke3 Rg1 35.Rg2 Re1+ 36.Kd4 Rd1+ 37.Kc3 a5 38.Kb2 Bh3 39.Rh2 Bd7 40.Rh8 
Rd2+ 41.Kc3 Rxa2 42.Rb8 a4 43.Rxb6+ Be6 44.Bxe6 fxe6 45.Ra6 Rg2 46.Rxa4 
Rxg3+ 47.Kb2 Rg2+ 48.Ka3 g5 49.fxg5+ Rxg5 50.Ra6 Rg1 51.Kb4 Kf5 52.c5 e5 
53.Ra8 e4 54.Re8 Rc1 55.Kb5 Kf4 56.b4 e3 57.c6 Kf3 58.Kb6 e2 59.c7 Kf2 60.
Kb7 1-0

[Event "Paskturneringen"]
[Site "Norrkoping"]
[Date "2016.03.26"]
[Round "5.1"]
[White "Hillarp Persson, Tiger"]
[Black "Sjodahl, Pontus"]
[Result "1/2-1/2"]
[WhiteElo "2533"]
[BlackElo "2417"]

1.c4 e6 2.Nf3 d5 3.d4 Nf6 4.g3 Be7 5.Bg2 O-O 6.O-O dxc4 7.Qc2 a6 8.a4 Bd7 
9.Qxc4 Bc6 10.Bf4 Bd6 11.Qc1 Nbd7 12.Nc3 Qe7 13.Bg5 h6 14.Bxf6 Nxf6 15.Rd1
a5 16.Nh4 Bxg2 17.Kxg2 c5 18.Nf3 1/2-1/2